[Event "Titled Tuesday intern op 03rd Jan Late"]
[Site "Chess.com INT"]
[Date "2025.06.03"]
[Round "7"]
[White "Deng, Henry"]
[Black "Lazavik, Denis"]
[Result "0-1"]
[WhiteElo "2327"]
[BlackElo "2577"]
[PlyCount "72"]
[EventDate "2025.06.03"]
[EventType "swiss (blitz)"]
[EventRounds "11"]
[EventCountry "USA"]
[SourceTitle "CB24_2025"]
[SourceDate "2025.06.11"]
[SourceVersion "1"]
[SourceVersionDate "2025.06.11"]
[SourceQuality "1"]

1. e4 c6 2. d4 d5 3. Nd2 dxe4 4. Nxe4 Nf6 5. Nxf6+ exf6 6. c3 Bd6 7. Bd3 0-0 8. Qc2 Re8+ 9. Ne2 h5 10. 0-0 Nd7 11. Ng3 Bxg3 12. hxg3 Nf8 13. Be3 Be6 14. Rae1 Qd7 15. b3 b5 16. c4 bxc4 17. bxc4 Ng6 18. Bxg6 fxg6 19. Rb1 Bf5 20. Qb3 Bxb1 21. Rxb1 Kh7 22. Qb7 Qe6 23. d5 cxd5 24. cxd5 Qe4 25. Rc1 Rad8 26. Rc7 Rg8 27. Rd7 Rxd7 28. Qxd7 h4 29. Kh2 g5 30. d6 Kg6 31. g4 Rb8 32. Bxa7 Qe5+ 33. Kh3 Rb1 34. Qf5+ Qxf5 35. gxf5+ Kxf5 36. d7 Rh1# 0-1

[Event "Chess.com Classic Play In"]
[Site "Chess.com INT"]
[Date "2025.05.19"]
[Round "3"]
[White "Sarana, Alexey"]
[Black "Lazavik, Denis"]
[Result "1/2-1/2"]
[WhiteElo "2686"]
[BlackElo "2577"]
[PlyCount "92"]
[EventDate "2025.05.19"]
[EventType "swiss (blitz)"]
[EventRounds "9"]
[EventCountry "USA"]
[SourceTitle "CB21_2025"]
[SourceDate "2025.05.21"]
[SourceVersion "1"]
[SourceVersionDate "2025.05.21"]
[SourceQuality "1"]

1. d4 Nf6 2. c4 e6 3. Nc3 Bb4 4. e3 0-0 5. Bd3 d5 6. a3 Bxc3+ 7. bxc3 dxc4 8. Bxc4 c5 9. Bb2 Qc7 10. Qe2 Nc6 11. Nf3 e5 12. 0-0 Bg4 13. h3 Bxf3 14. Qxf3 Rad8 15. Rfd1 e4 16. Qe2 Na5 17. Rdc1 cxd4 18. cxd4 Nxc4 19. Rxc4 Qe7 20. a4 Qe6 21. Rb1 Rfe8 22. Ba3 Rd7 23. a5 Nd5 24. Rbc1 h6 25. Rc8 Rdd8 26. Rxd8 Rxd8 27. Qh5 f5 28. g3 Kh7 29. Rb1 b6 30. axb6 axb6 31. Rc1 Ra8 32. Bb2 Ra2 33. Qe2 Qd7 34. h4 Nb4 35. Ra1 Qa4 36. Rxa2 Qxa2 37. Qb5 Nd5 38. h5 Qa5 39. Qe8 Qe1+ 40. Kg2 Nxe3+ 41. fxe3 Qe2+ 42. Kh3 Qf1+ 43. Kh2 Qf2+ 44. Kh3 Qf1+ 45. Kh2 Qf2+ 46. Kh3 Qf1+ 1/2-1/2

[Event "RUS-chT 32nd"]
[Site "Sochi"]
[Date "2025.05.04"]
[Round "8.1"]
[White "Pingin, Artem"]
[Black "Lazavik, Denis"]
[Result "1/2-1/2"]
[WhiteElo "2466"]
[BlackElo "2577"]
[PlyCount "53"]
[EventDate "2025.04.26"]
[EventType "team-swiss"]
[EventRounds "9"]
[EventCountry "RUS"]
[SourceTitle "CB19_2025"]
[SourceDate "2025.05.07"]
[SourceVersion "1"]
[SourceVersionDate "2025.05.07"]
[SourceQuality "1"]
[WhiteTeam "Sverdlovsk Region Sima Lend"]
[BlackTeam "Belarus"]
[WhiteTeamCountry "RUS"]
[BlackTeamCountry "BLR"]

1. e4 e5 2. Nf3 Nc6 3. Bb5 Nf6 4. 0-0 Nxe4 5. Re1 Nd6 6. Nxe5 Be7 7. Bf1 Nxe5 8. Rxe5 0-0 9. Nc3 Bf6 10. Re1 Re8 11. d4 Rxe1 12. Qxe1 Bxd4 13. Bf4 Ne8 14. Nd5 c6 15. Ne7+ Kf8 16. Nxc8 Qf6 17. Rd1 Rxc8 18. Qe4 Bb6 19. Rxd7 Rd8 20. Rxd8 Qxd8 21. Bd3 Qe7 22. Qxe7+ Kxe7 23. Kf1 g6 24. c3 Ng7 25. Ke2 Ne6 26. Bd2 f5 27. f4 1/2-1/2

[Event "RUS-chT 32nd"]
[Site "Sochi"]
[Date "2025.05.02"]
[Round "6.1"]
[White "Lazavik, Denis"]
[Black "Paravyan, David"]
[Result "1/2-1/2"]
[WhiteElo "2577"]
[BlackElo "2596"]
[PlyCount "55"]
[EventDate "2025.04.26"]
[EventType "team-swiss"]
[EventRounds "9"]
[EventCountry "RUS"]
[SourceTitle "CB19_2025"]
[SourceDate "2025.05.07"]
[SourceVersion "1"]
[SourceVersionDate "2025.05.07"]
[SourceQuality "1"]
[WhiteTeam "Belarus"]
[BlackTeam "Moscow Russian ChSchool"]
[WhiteTeamCountry "BLR"]
[BlackTeamCountry "RUS"]

1. Nf3 d5 2. e3 Nf6 3. c4 e6 4. b3 Be7 5. Bb2 0-0 6. Nc3 c5 7. cxd5 exd5 8. d4 Nc6 9. Be2 Ne4 10. dxc5 Bf6 11. Rc1 Qa5 12. Nd4 Nxc5 13. Nxc6 bxc6 14. 0-0 Ne4 15. Qc2 Nxc3 16. Bxc3 Bxc3 17. Qxc3 Qxa2 18. Rc2 Qa3 19. Ra1 Qe7 20. Qxc6 Be6 21. Qc5 Qxc5 22. Rxc5 Rab8 23. Bd1 d4 24. exd4 Rfd8 25. Rxa7 Rxd4 26. Bc2 g6 27. Rc3 Bf5 28. h3 1/2-1/2

[Event "RUS-chT 32nd"]
[Site "Sochi"]
[Date "2025.04.28"]
[Round "3.1"]
[White "Khubukshanov, Erdem"]
[Black "Lazavik, Denis"]
[Result "1-0"]
[WhiteElo "2468"]
[BlackElo "2577"]
[PlyCount "101"]
[EventDate "2025.04.26"]
[EventType "team-swiss"]
[EventRounds "9"]
[EventCountry "RUS"]
[SourceTitle "CB19_2025"]
[SourceDate "2025.05.07"]
[SourceVersion "1"]
[SourceVersionDate "2025.05.07"]
[SourceQuality "1"]
[WhiteTeam "Novosibirsk GAU"]
[BlackTeam "Belarus"]
[WhiteTeamCountry "RUS"]
[BlackTeamCountry "BLR"]

1. e4 e5 2. Nf3 Nc6 3. Bc4 d6 4. d4 exd4 5. Nxd4 Nf6 6. Nc3 Be7 7. 0-0 0-0 8. Re1 Ne5 9. Bf1 Re8 10. h3 Ng6 11. g3 Bf8 12. Bg2 h6 13. a4 Bd7 14. Kh2 c6 15. Be3 Qc7 16. f4 b6 17. Qd3 a6 18. Nde2 b5 19. b4 Nh7 20. Nd4 Rad8 21. Bf2 Nf6 22. axb5 axb5 23. Nf3 Be6 24. Bd4 Bc4 25. Qe3 Nd7 26. Qf2 c5 27. bxc5 dxc5 28. Be3 b4 29. Nd2 Nb6 30. Nxc4 Nxc4 31. Nd5 Qc6 32. Bc1 Ne7 33. Nxe7+ Bxe7 34. e5 Qc7 35. Ra6 Rd4 36. Qf3 Qc8 37. Ra7 Bf8 38. Rd1 Qe6 39. Rxd4 cxd4 40. Qd3 Rc8 41. Be4 Na3 42. Bh7+ Kh8 43. Bf5 Rxc2+ 44. Qxc2 Nxc2 45. Bxe6 fxe6 46. f5 Ne3 47. fxe6 Nd5 48. Rd7 Ne7 49. Rxd4 Nc6 50. Rc4 Nd8 51. Rc8 1-0

[Event "Titled Tuesday intern op 01st Apr Late"]
[Site "Chess.com INT"]
[Date "2025.04.01"]
[Round "4"]
[White "Dudzinski, Piotr"]
[Black "Lazavik, Denis"]
[Result "0-1"]
[WhiteElo "2335"]
[BlackElo "2577"]
[PlyCount "92"]
[EventDate "2025.04.01"]
[EventType "swiss (blitz)"]
[EventRounds "11"]
[EventCountry "USA"]
[SourceTitle "CB21_2025"]
[SourceDate "2025.05.21"]
[SourceVersion "1"]
[SourceVersionDate "2025.05.21"]
[SourceQuality "1"]

1. e4 c5 2. c3 d5 3. exd5 Qxd5 4. d4 Nf6 5. Nf3 e6 6. Be2 cxd4 7. cxd4 Be7 8. Nc3 Qd8 9. 0-0 0-0 10. Ne5 Nc6 11. Nxc6 bxc6 12. Bf3 Nd5 13. Be3 Rb8 14. Qc2 a5 15. Ne4 Ba6 16. Rfc1 Rb6 17. Nc5 Bd6 18. Na4 Rb8 19. Qxc6 Bb7 20. Qc2 Nxe3 21. fxe3 Bxf3 22. gxf3 Qg5+ 23. Kf2 g6 24. Qe4 Bxh2 25. f4 Qh4+ 26. Ke2 e5 27. dxe5 Rb4 28. Rc4 Qg4+ 29. Kd3 Rd8+ 30. Kc3 Rc8 31. b3 Rcxc4+ 32. bxc4 Rxa4 33. a3 Qd7 34. Kb3 Bg3 35. Qd5 Qxd5 36. cxd5 Re4 37. d6 Rxe3+ 38. Kc4 Bxf4 39. d7 Bg5 40. Kd4 Re2 41. Rd1 Bd8 42. Kd5 Kf8 43. Kc6 Ke7 44. Rd5 Rc2+ 45. Kb7 Rc7+ 46. Kb8 Rxd7 0-1

[Event "Titled Tuesday intern op 01st Apr Early"]
[Site "Chess.com INT"]
[Date "2025.04.01"]
[Round "9"]
[White "Kazakouski, Valery"]
[Black "Lazavik, Denis"]
[Result "1-0"]
[WhiteElo "2551"]
[BlackElo "2572"]
[PlyCount "63"]
[EventDate "2025.04.01"]
[EventType "swiss (blitz)"]
[EventRounds "11"]
[EventCountry "USA"]
[SourceTitle "CB15_2025"]
[SourceDate "2025.04.09"]
[SourceVersion "1"]
[SourceVersionDate "2025.04.09"]
[SourceQuality "1"]

1. e4 c5 2. Nf3 e6 3. d4 cxd4 4. Nxd4 Nc6 5. Nc3 Qc7 6. Be3 a6 7. Qf3 Ne5 8. Qg3 h5 9. h4 d6 10. 0-0-0 b5 11. Kb1 Nf6 12. Bd3 b4 13. Nce2 Bb7 14. f3 Rc8 15. Bg5 Be7 16. Rhe1 Nxd3 17. cxd3 Qd7 18. Rc1 Rc5 19. Nb3 Rxc1+ 20. Rxc1 0-0 21. Bh6 Ne8 22. Na5 Ba8 23. Nc4 Qd8 24. Bg5 d5 25. Bxe7 Qxe7 26. Ne5 Nf6 27. Qg5 dxe4 28. dxe4 Rd8 29. Nf4 Qf8 30. Nxh5 Nxh5 31. Qxh5 Rd2 32. Qg5 1-0

[Event "Titled Tuesday intern op 01st Apr Late"]
[Site "Chess.com INT"]
[Date "2025.04.01"]
[Round "5"]
[White "Lazavik, Denis"]
[Black "Eljanov, Pavel"]
[Result "1/2-1/2"]
[WhiteElo "2577"]
[BlackElo "2668"]
[PlyCount "108"]
[EventDate "2025.04.01"]
[EventType "swiss (blitz)"]
[EventRounds "11"]
[EventCountry "USA"]
[SourceTitle "CB21_2025"]
[SourceDate "2025.05.21"]
[SourceVersion "1"]
[SourceVersionDate "2025.05.21"]
[SourceQuality "1"]

1. d4 d5 2. c4 e6 3. Nf3 Nf6 4. g3 Be7 5. Bg2 0-0 6. Qd3 b6 7. cxd5 Ba6 8. Qc2 Nxd5 9. 0-0 c5 10. dxc5 bxc5 11. Nc3 Nc6 12. Rd1 Ncb4 13. Qa4 Qe8 14. Qxe8 Rfxe8 15. Nxd5 Nxd5 16. e3 Bf6 17. Nd2 Rab8 18. Ne4 Bxb2 19. Bxb2 Rxb2 20. Nxc5 Bc4 21. Bf1 Bxf1 22. Kxf1 Rc8 23. Rdc1 h5 24. a3 Nf6 25. h3 Rd8 26. Na4 Rb3 27. Rc3 Rb5 28. Rc5 Rb3 29. Rc3 Rd3 30. Rxd3 Rxd3 31. Ke2 Rb3 32. Nc5 Rb2+ 33. Kf3 g5 34. g4 hxg4+ 35. hxg4 Kg7 36. Rc1 Ra2 37. Rc3 Nd5 38. Rb3 Kg6 39. Nd3 f6 40. Nc5 f5 41. Nxe6 fxg4+ 42. Kg2 Nf6 43. Nc5 Rc2 44. Na4 Ne4 45. Rb2 Rc4 46. Rb4 Rxb4 47. axb4 Kf5 48. Nb2 Ke5 49. Nc4+ Kd5 50. Na5 a6 51. Kg1 Nc3 52. Kg2 Ne4 53. Kg1 Nc3 54. Kg2 Ne4 1/2-1/2

[Event "Titled Tuesday intern op 01st Apr Early"]
[Site "Chess.com INT"]
[Date "2025.04.01"]
[Round "8"]
[White "Lazavik, Denis"]
[Black "Sargsyan, Shant"]
[Result "0-1"]
[WhiteElo "2572"]
[BlackElo "2666"]
[PlyCount "108"]
[EventDate "2025.04.01"]
[EventType "swiss (blitz)"]
[EventRounds "11"]
[EventCountry "USA"]
[SourceTitle "CB15_2025"]
[SourceDate "2025.04.09"]
[SourceVersion "1"]
[SourceVersionDate "2025.04.09"]
[SourceQuality "1"]

1. d4 g6 2. c4 Nf6 3. Nc3 Bg7 4. e4 d6 5. Be2 0-0 6. Nf3 e5 7. 0-0 Qe8 8. dxe5 dxe5 9. Be3 Na6 10. h3 c6 11. a3 Nh5 12. b4 Nf4 13. b5 Nc7 14. Bc5 Nce6 15. Bxf8 Bxf8 16. h4 Bc5 17. g3 Nxe2+ 18. Qxe2 Nd4 19. Nxd4 Bxd4 20. Rac1 h5 21. Kg2 Qe7 22. Rfd1 Qxa3 23. Qd2 Bg4 24. f3 Be6 25. Ne2 Be3 26. Rc3 Bxd2 27. Rxa3 Bb4 28. Ra4 c5 29. Rc1 a5 30. bxa6 bxa6 31. Nc3 Bxc4 32. Nd5 Bxd5 33. exd5 a5 34. Kf2 Rd8 35. Rd1 f5 36. Ke2 Kf7 37. Ra2 Ke7 38. Raa1 c4 39. Rac1 c3 40. Rc2 Kd6 41. g4 Rc8 42. gxf5 gxf5 43. Rg1 Rc4 44. Rg5 Rxh4 45. Rxf5 Kxd5 46. Kd3 Rd4+ 47. Ke2 h4 48. Rh5 a4 49. Rh8 a3 50. Rc8 h3 51. Ke3 Rd2 52. Rd8+ Ke6 53. Rcxd2 cxd2 54. Ke2 h2 0-1

[Event "Titled Tuesday intern op 01st Apr Early"]
[Site "Chess.com INT"]
[Date "2025.04.01"]
[Round "3"]
[White "Odegov, Artem"]
[Black "Lazavik, Denis"]
[Result "0-1"]
[WhiteElo "2258"]
[BlackElo "2572"]
[PlyCount "74"]
[EventDate "2025.04.01"]
[EventType "swiss (blitz)"]
[EventRounds "11"]
[EventCountry "USA"]
[SourceTitle "CB15_2025"]
[SourceDate "2025.04.09"]
[SourceVersion "1"]
[SourceVersionDate "2025.04.09"]
[SourceQuality "1"]

1. d4 Nf6 2. Nf3 b6 3. c4 Bb7 4. g3 g6 5. Bg2 Bg7 6. 0-0 0-0 7. d5 Na6 8. Nd4 Nc5 9. b4 Na6 10. a3 Qc8 11. b5 Nc5 12. Bb2 e6 13. Nc3 exd5 14. cxd5 Re8 15. Re1 Nce4 16. Nxe4 Nxe4 17. Qb3 a6 18. Rac1 Nc5 19. Qc2 axb5 20. Nxb5 Bxb2 21. Qxb2 Ba6 22. d6 Bxb5 23. Qxb5 Rxa3 24. Rxc5 bxc5 25. Qxc5 Ra2 26. dxc7 Raxe2 27. Rxe2 Rxe2 28. Qb6 Re1+ 29. Bf1 Rc1 30. h4 Qxc7 31. Qb2 Qc3 32. Qb8+ Kg7 33. Qf4 h5 34. Kg2 Rd1 35. Be2 Rd2 36. Bf3 Qd4 37. Be4 d5 0-1

[Event "Titled Tuesday intern op 01st Apr Early"]
[Site "Chess.com INT"]
[Date "2025.04.01"]
[Round "6"]
[White "Smirnov, Mark1"]
[Black "Lazavik, Denis"]
[Result "0-1"]
[WhiteElo "2336"]
[BlackElo "2572"]
[PlyCount "122"]
[EventDate "2025.04.01"]
[EventType "swiss (blitz)"]
[EventRounds "11"]
[EventCountry "USA"]
[SourceTitle "CB15_2025"]
[SourceDate "2025.04.09"]
[SourceVersion "1"]
[SourceVersionDate "2025.04.09"]
[SourceQuality "1"]

1. e4 c5 2. Nf3 e6 3. g3 Nc6 4. d4 cxd4 5. Nxd4 Bc5 6. Nb3 Bb6 7. Bg2 Nf6 8. 0-0 0-0 9. c4 d6 10. Nc3 h6 11. Na4 Bc7 12. Be3 Ne5 13. Rc1 Bd7 14. Nd4 a6 15. c5 Neg4 16. cxd6 Bxd6 17. Bd2 Ne5 18. Bf4 Qe7 19. Nb6 Rad8 20. Qb3 g5 21. Bd2 Bc5 22. Be3 Bd6 23. h3 Nh5 24. f4 Nxg3 25. fxe5 Bxe5 26. Rfe1 Nh5 27. Nf3 Bf4 28. Bxf4 Nxf4 29. Nxd7 Rxd7 30. Rcd1 Rfd8 31. Rxd7 Rxd7 32. Rd1 Qc5+ 33. Kf1 Rc7 34. a4 Qa5 35. Qa2 Rc2 36. b4 Rxa2 37. bxa5 Rxg2 38. Ne5 Rg3 39. Rd8+ Kg7 40. Rd7 Kf6 41. Nxf7 Rxh3 42. Rxb7 Nd3 43. Kg2 g4 44. e5+ Nxe5 45. Nd6 Ng6 46. Ne4+ Ke5 47. Nf2 Nf4+ 48. Kg1 Rg3+ 49. Kf1 h5 50. Rb6 Rf3 51. Kg1 g3 52. Nh1 h4 53. Rb2 h3 54. Nxg3 Rxg3+ 55. Kh1 Kf5 56. Rb6 Ra3 57. Rxa6 Kg4 58. Ra8 Rxa4 59. Rg8+ Kf3 60. Rg5 Ke4 61. Kh2 e5 0-1

[Event "Titled Tuesday intern op 25th Mar Early"]
[Site "Chess.com INT"]
[Date "2025.03.25"]
[Round "10"]
[White "Le, Tuan Minh"]
[Black "Lazavik, Denis"]
[Result "1/2-1/2"]
[WhiteElo "2598"]
[BlackElo "2572"]
[PlyCount "60"]
[EventDate "2025.03.25"]
[EventType "swiss (blitz)"]
[EventRounds "11"]
[EventCountry "USA"]
[SourceTitle "CB14_2025"]
[SourceDate "2024.11.01"]
[SourceVersion "1"]
[SourceVersionDate "2024.11.01"]
[SourceQuality "1"]

1. d4 Nf6 2. Nf3 e6 3. c4 d5 4. Nc3 Be7 5. Bf4 0-0 6. a3 Nbd7 7. e3 c5 8. cxd5 Nxd5 9. Nxd5 exd5 10. dxc5 Nxc5 11. Be5 Bg4 12. Be2 Bxf3 13. Bxf3 Bf6 14. Bxf6 Qxf6 15. Rc1 Rac8 16. Rc2 d4 17. exd4 Ne6 18. Rxc8 Rxc8 19. 0-0 Nxd4 20. Bxb7 Rb8 21. Re1 g6 22. Re4 Ne6 23. Rb4 a5 24. Rb5 Nd4 25. Rd5 Rxb7 26. Qxd4 Rxb2 27. g3 Qxd4 28. Rxd4 Rb3 29. Ra4 Rb5 30. Kg2 Kg7 1/2-1/2

[Event "Titled Tuesday intern op 25th Mar Early"]
[Site "Chess.com INT"]
[Date "2025.03.25"]
[Round "4"]
[White "Paduano, Claudio"]
[Black "Lazavik, Denis"]
[Result "0-1"]
[WhiteElo "2256"]
[BlackElo "2572"]
[PlyCount "74"]
[EventDate "2025.03.25"]
[EventType "swiss (blitz)"]
[EventRounds "11"]
[EventCountry "USA"]
[SourceTitle "CB14_2025"]
[SourceDate "2024.11.01"]
[SourceVersion "1"]
[SourceVersionDate "2024.11.01"]
[SourceQuality "1"]

1. d4 Nf6 2. c4 e6 3. Nf3 b6 4. a3 Bb7 5. Nc3 Ne4 6. Nxe4 Bxe4 7. Nd2 Bg6 8. g3 c6 9. Bg2 d5 10. 0-0 Be7 11. b4 0-0 12. Bb2 b5 13. cxb5 cxb5 14. e4 Nd7 15. exd5 exd5 16. Bxd5 Rc8 17. Be4 Nb6 18. Bxg6 hxg6 19. Qb3 Bg5 20. Ne4 Nc4 21. Rad1 Re8 22. Rfe1 Qd5 23. Nxg5 Qxg5 24. Rxe8+ Rxe8 25. Bc1 Qd5 26. Qd3 Rd8 27. Re1 Ne5 28. Rxe5 Qxe5 29. Be3 Qd5 30. h4 Rc8 31. Kh2 a6 32. Qd1 Rc3 33. a4 Rb3 34. axb5 axb5 35. Qc2 Rxb4 36. Qc8+ Kh7 37. Qc7 Rb1 0-1

[Event "Titled Tuesday intern op 18th Mar Late"]
[Site "Chess.com INT"]
[Date "2025.03.18"]
[Round "9"]
[White "Ashraf, Artin"]
[Black "Lazavik, Denis"]
[Result "0-1"]
[WhiteElo "2407"]
[BlackElo "2572"]
[PlyCount "88"]
[EventDate "2025.03.18"]
[EventType "swiss (blitz)"]
[EventRounds "11"]
[EventCountry "USA"]
[SourceTitle "CB13_2025"]
[SourceDate "2025.03.26"]
[SourceVersion "1"]
[SourceVersionDate "2025.03.26"]
[SourceQuality "1"]

1. d4 Nf6 2. c4 e6 3. Nc3 Bb4 4. e3 b6 5. Bd3 Bb7 6. Nge2 0-0 7. 0-0 d5 8. cxd5 exd5 9. Bd2 Re8 10. Rc1 Bf8 11. Nf4 c6 12. f3 c5 13. g4 h6 14. h4 Nc6 15. Nce2 g6 16. Kg2 Rc8 17. Rh1 Qd6 18. h5 g5 19. Nh3 Rcd8 20. Ng3 Bc8 21. Bf5 cxd4 22. Bxc8 Rxc8 23. Nf5 Qd7 24. exd4 Ne7 25. Ng3 Bg7 26. Nf2 Nh7 27. Bb4 Nc6 28. Bc3 Nf8 29. Nf5 Ne6 30. Nd3 Ne7 31. Nxg7 Kxg7 32. Re1 Nc6 33. Qd2 Qd6 34. Re2 Kf8 35. Rce1 Nexd4 36. Rxe8+ Rxe8 37. Nf2 Rxe1 38. Qxe1 Ne6 39. Qd1 d4 40. Bd2 Qd5 41. Qc2 Kg7 42. Ne4 Ne5 43. b3 Nc5 44. Be1 Nxe4 0-1

[Event "Titled Tuesday intern op 11th Mar Early"]
[Site "Chess.com INT"]
[Date "2025.03.11"]
[Round "6"]
[White "Haug, Havard"]
[Black "Lazavik, Denis"]
[Result "0-1"]
[WhiteElo "2338"]
[BlackElo "2572"]
[PlyCount "100"]
[EventDate "2025.03.11"]
[EventType "swiss (blitz)"]
[EventRounds "11"]
[EventCountry "USA"]
[SourceTitle "CB12_2025"]
[SourceDate "2025.03.19"]
[SourceVersion "1"]
[SourceVersionDate "2025.03.19"]
[SourceQuality "1"]

1. d4 Nf6 2. Bg5 c6 3. Bxf6 exf6 4. c4 Bb4+ 5. Nc3 0-0 6. e3 d5 7. cxd5 Qxd5 8. Nf3 Qa5 9. Qd2 c5 10. Bd3 Nc6 11. 0-0 cxd4 12. Nxd4 Nxd4 13. exd4 Rd8 14. a3 Bf8 15. b4 Qb6 16. d5 Bd7 17. Rac1 Rac8 18. Ne4 f5 19. Ng3 g6 20. Rxc8 Rxc8 21. Rc1 Qd4 22. Rxc8 Bxc8 23. Qc2 Bd7 24. Qb3 Bd6 25. Nf1 Kg7 26. Qc4 Qa1 27. Qb3 f4 28. Be2 Qd4 29. Qd3 Qxd3 30. Bxd3 Kf6 31. Nd2 Ke5 32. Bc4 Kd4 33. Ba2 Bb5 34. Nf3+ Kc3 35. Ng5 Kb2 36. Nxf7 Bf8 37. a4 Bxa4 38. Bc4 Kc3 39. Be2 Kxb4 40. Ng5 Bb3 41. Nxh7 Be7 42. Bd3 a5 43. Bxg6 a4 44. g3 a3 45. Bb1 a2 46. Bxa2 Bxa2 47. d6 Bxd6 48. Nf6 Be5 49. Ne4 Bd5 50. Nd2 Kc3 0-1